Trouvez les paroles - Liberta - Pep's - Statistiques

Statistiques générales
  • Ce quiz a été pris 119 fois
  • Le résultat moyen est 199 sur 313
Statistiques - réponses
Réponse % Correct
a
98%
à
98%
de
98%
des
97%
i
97%
le
97%
la
96%
me
96%
rêves
96%
un
96%
y
94%
au
93%
qui
93%
n'a
92%
92%
par
92%
pas
92%
pays
92%
te
90%
tu
90%
les
88%
pareil
88%
sais
88%
il
87%
libertà
87%
be
86%
son
86%
bateau
84%
fait
83%
mène
83%
qu'il
83%
ce
82%
là-bas
82%
se
81%
dit
79%
just
79%
on
78%
p'tit
78%
wan
78%
ciel
77%
une
77%
gens
76%
in
76%
oui
76%
cette
74%
que
74%
bout
73%
free
73%
per
73%
my
72%
sans
72%
tes
72%
et
71%
chaud
70%
gars
70%
petit
70%
wanna
70%
dans
69%
terre
69%
this
69%
qu'au
68%
vie
68%
milliers
67%
comme
66%
mer
66%
way
66%
chaînes
64%
64%
main
64%
mon
64%
j'ai
63%
world
63%
fille
62%
m'avait
62%
oh
62%
t'enlève
62%
alors
61%
ces
60%
peine
60%
petite
60%
ici
59%
mois
59%
neuf
59%
pour
59%
ses
59%
yeux
59%
l'arène
58%
mes
58%
"suis
58%
aussi
57%
belle
56%
nature
56%
pousse
56%
ton
56%
vite
56%
aventure"
54%
fermer
54%
haleine
54%
tout
54%
elle
53%
enfin
53%
perds
53%
après
52%
hésiter
52%
sauté
52%
chemin
51%
jeter
51%
lumière
51%
tous
51%
avec
50%
donne
50%
prit
50%
fin
49%
trop
49%
voir
48%
joie
47%
laisser
47%
loin
47%
passer
47%
même
46%
haine
44%
douceur
43%
plonge
43%
sèment
43%
vaisseau
43%
voeux
43%
montagne
42%
rejoindre
42%
dauphins
41%
mais
41%
m'emmena
41%
remplissaient
41%
années
39%
courbait
39%
graines
39%
parfum
39%
rien
39%
vivere
39%
vu
39%
coton
38%
l'enviait
38%
depuis
37%
maintenant
37%
nager
37%
n'ont
37%
odeurs
36%
d'enfants
34%
disait
34%
l'eau
34%
arriver
33%
guidait
32%
limites
32%
l'horizon
31%
bouclettes
30%
d'hirondelles
30%
dégageaient
29%
dorées
29%
fleurs
29%
fond
29%
nella
28%
nuée
28%
pousser
27%
arbres
24%
gratte-ciels
24%
caressant
23%
remplaçant
21%
volaient
19%
libre
9%
d'être
7%
amis
6%
juste
6%
yeah
3%
Aucun quiz correspondant
Distribution des résultats
% des personnes avec chaque résultat
Percentile par nombre de réponses
Votre historique - résultats
Vous n’avez pas pris ce quiz